No escape from flood threat (Record no. 74413)

MARC details
000 -LEADER
fixed length control field 01121cab a2200289 4500
001 - CONTROL NUMBER
control field ABS67835
008 - FIXED-LENGTH DATA ELEMENTS--GENERAL INFORMATION
fixed length control field 040601n2004 000 0 eng u
035 ## - SYSTEM CONTROL NUMBER
System control number (Sirsi) u126336
100 ## - MAIN ENTRY--PERSONAL NAME
Personal name Morris, H.
245 ## - TITLE STATEMENT
Title No escape from flood threat
260 ## - PUBLICATION, DISTRIBUTION, ETC.
Date of publication, distribution, etc. 2004
490 ## - SERIES STATEMENT
Series statement Planning (for the Natural and Built Environment)
Volume/sequential designation (1569)14 May 2004, 15(1)
520 ## - SUMMARY, ETC.
Summary, etc. Looks at the Foresight Future Flooding programme analysis of future flood risk, widely acknowledged to be the most comprehensive ever undertaken in the UK. Summarises the cost of not increasing current levels of spending and not changing approaches to flood management in the face of the predicted flood risk scenario.
590 ## - LOCAL NOTE (RLIN)
Local note ABS
650 ## - SUBJECT ADDED ENTRY--TOPICAL TERM
Topical term or geographic name entry element FORESIGHT FUTURE FLOODING PROGRAMME
650 ## - SUBJECT ADDED ENTRY--TOPICAL TERM
Topical term or geographic name entry element FLOOD MANAGEMENT
650 ## - SUBJECT ADDED ENTRY--TOPICAL TERM
Topical term or geographic name entry element GLOBAL WARMING
650 ## - SUBJECT ADDED ENTRY--TOPICAL TERM
Topical term or geographic name entry element CLIMATE CHANGE
650 ## - SUBJECT ADDED ENTRY--TOPICAL TERM
Topical term or geographic name entry element PLANNING STRATEGY
650 ## - SUBJECT ADDED ENTRY--TOPICAL TERM
Topical term or geographic name entry element Land use
9 (RLIN) 6251
650 ## - SUBJECT ADDED ENTRY--TOPICAL TERM
Topical term or geographic name entry element FLOODING
650 ## - SUBJECT ADDED ENTRY--TOPICAL TERM
Topical term or geographic name entry element FLOOD RISK
650 ## - SUBJECT ADDED ENTRY--TOPICAL TERM
Topical term or geographic name entry element FLOOD DEFENCES
650 ## - SUBJECT ADDED ENTRY--TOPICAL TERM
Topical term or geographic name entry element COASTAL DEFENCES
690 ## - LOCAL SUBJECT ADDED ENTRY--TOPICAL TERM (OCLC, RLIN)
Topical term or geographic name as entry element ENVIRONMENTAL AND LAND CONSULTANCY-ENVIRONMENTAL MANAGEMENT
942 ## - ADDED ENTRY ELEMENTS (KOHA)
Suppress in OPAC 0
Holdings
Withdrawn status Lost status Source of classification or shelving scheme Damaged status Not for loan Home library Current library Shelving location Date acquired Total Checkouts Full call number Barcode Date last seen Copy number Price effective from Koha item type
    Dewey Decimal Classification     London London Journal article 01/06/2004   ABS67835 126336-1001 06/08/2019 1 06/08/2019 Journal article